000 00662nam a2200193 a 4500
001 12765
003 CO-ViMGA
008 141112s2004 ck r 000 u spa d
040 _aCO-ViMGA
_bspa
_cCO-ViMGA
082 0 4 _a338.9 F76
110 _aWord Development Repor 1996
_918479
245 1 0 _aFrom Plan To Market
260 _aWashington :
_bPublished for the world banck,
_coxford university press,
_c1996
300 _a241p. : il.
590 _aForma de adquisición : COMPRA - - Proveedor : BIBLIOTECA LUIS Ángel ARANGO - - Fecha de adquisición : 12 - 03 - 2001
650 1 4 _aEconomíaS EN TRANSICION
_918480
650 1 4 _aPRIVATIZACION
942 _2ddc
_cBK
999 _c23709
_d23709